ბათუმის შოთა რუსთაველის სახელმწიფო უნივერსიტეტის ბიბლიოთეკა

Les Trois Mousquetaires : Les Ferrets de la Reine / (ბიბ.ჩანაწერი № 41219)

000 -LEADER
fixed length control field 00633nam a2200217Ia 4500
001 - CONTROL NUMBER
control field 7871
003 - CONTROL NUMBER IDENTIFIER
control field GE_BSU
005 - DATE AND TIME OF LATEST TRANSACTION
control field 20220927154945.0
008 - FIXED-LENGTH DATA ELEMENTS--GENERAL INFORMATION
fixed length control field 181216s2003fr xx |||||||||||||| ||fre||
020 ## - INTERNATIONAL STANDARD BOOK NUMBER
International Standard Book Number 9788723903877
040 ## - CATALOGING SOURCE
Transcribing agency GE_BSU
041 ## - LANGUAGE CODE
Language code of text/sound track or separate title fre
080 ## - UNIVERSAL DECIMAL CLASSIFICATION NUMBER
Universal Decimal Classification number 821.133.1-311 D-89
100 ## - MAIN ENTRY--PERSONAL NAME
Personal name Dumas, Alexandre
9 (RLIN) 14862
245 ## - TITLE STATEMENT
Title Les Trois Mousquetaires : Les Ferrets de la Reine /
Statement of responsibility, etc. Alexandre Dumas, Red. Christiane Stefanopoli
264 ## - PRODUCTION, PUBLICATION, DISTRIBUTION, MANUFACTURE, AND COPYRIGHT NOTICE
Place of production, publication, distribution, manufacture France :
Name of producer, publisher, distributor, manufacturer Easy Readers,
Date of production, publication, distribution, manufacture, or copyright notice 2003.
300 ## - PHYSICAL DESCRIPTION
Extent 92 p.
Dimensions 19 cm.
653 ## - INDEX TERM--UNCONTROLLED
keyword Les Trois Mousquetaires
653 ## - INDEX TERM--UNCONTROLLED
keyword Სამი მუშკეტერი
942 ## - ADDED ENTRY ELEMENTS (KOHA)
Koha item type წიგნი
Source of classification or shelving scheme
ეგზემპლარები
Withdrawn status Lost status Source of classification or shelving scheme Damaged status Not for loan Permanent Location Current Location Shelving location Date acquired Cost, normal purchase price Full call number Barcode Date last seen Copy number Price effective from Koha item type Public note
          ბათუმის შოთა რუსთაველის სახელმწიფო უნივერსიტეტის მთავარი ბიბლიოთეკა ბათუმის შოთა რუსთაველის სახელმწიფო უნივერსიტეტის მთავარი ბიბლიოთეკა წიგნსაცავი 2018-12-17 31.00 821.133.1-311 D-89 24284 2018-12-17 24284 2018-12-17 წიგნი 31gel.
          ბათუმის შოთა რუსთაველის სახელმწიფო უნივერსიტეტის მთავარი ბიბლიოთეკა ბათუმის შოთა რუსთაველის სახელმწიფო უნივერსიტეტის მთავარი ბიბლიოთეკა წიგნსაცავი 2018-12-17 31.00 821.133.1-311 D-89 24286 2018-12-17 24286 2018-12-17 წიგნი 31gel.
          ბათუმის შოთა რუსთაველის სახელმწიფო უნივერსიტეტის მთავარი ბიბლიოთეკა ბათუმის შოთა რუსთაველის სახელმწიფო უნივერსიტეტის მთავარი ბიბლიოთეკა წიგნსაცავი 2018-12-17 31.00 821.133.1-311 D-89 24285 2018-12-17 24285 2018-12-17 წიგნი 31gel.
          ბათუმის შოთა რუსთაველის სახელმწიფო უნივერსიტეტის მთავარი ბიბლიოთეკა ბათუმის შოთა რუსთაველის სახელმწიფო უნივერსიტეტის მთავარი ბიბლიოთეკა წიგნსაცავი 2018-12-17 31.00 821.133.1-311 D-89 24283 2018-12-17 24283 2018-12-17 წიგნი 31gel.